Super Smash Bros. - The Legend of Zelda Universe - Statistics

General Stats
  • This quiz has been taken 64 times
  • The average score is 67 of 193
Answer Stats
Hint Answer % Correct
Fighters Link
100%
Spirits Link (A Link Between Worlds)
100%
Spirits Link (Link's Awakening)
100%
Trophies Link (Spirit Tracks)
100%
Spirits Link (The Legend of Zelda)
100%
Fighters Toon Link
100%
Fighters Zelda
100%
Spirits Zelda (Breath of the Wild)
100%
Spirits Zelda (Ocarina of Time)
100%
Spirits Zelda (Spirit Tracks)
100%
Spirits Zelda (The Wind Waker)
100%
Bosses Ganon
98%
Fighters Ganondorf
98%
Trophies Ganondorf (Ocarina of Time)
98%
Spirits Ganondorf (Twilight Princess)
98%
Trophies Ganondorf (Wind Waker)
98%
Fighters Sheik
98%
Fighters Young Link
98%
Stages Hyrule Castle
85%
Masterpieces The Legend of Zelda
85%
Assist Trophies Midna
78%
Stages Bridge of Eldin
74%
Stages Great Bay
70%
Spirits Impa (Age of Calamity)
70%
Spirits Impa (Ocarina of Time)
70%
Trophies Impa (Skyward Sword)
70%
Assist Trophies Skull Kid
70%
Stages Temple
70%
Stages Skyloft
65%
Stages Pirate Ship
63%
Masterpieces The Legend of Zelda: Ocarina of Time
63%
Spirits Zora
63%
Assist Trophies Ghirahim
61%
Trophies Ocarina of Time
61%
Spirits Goron
59%
Stages Great Plateau Tower
59%
Assist Trophies Moon
59%
Spirits Tetra
57%
Assist Trophies Tingle
54%
Spirits Daruk
52%
Spirits Mipha
52%
Spirits Moblin
52%
Spirits Ruto
52%
Stages Spirit Train
52%
Spirits Darunia
50%
Spirits Majora's Mask
50%
Trophies Malo
50%
Spirits Saria
50%
Spirits Bokoblin
48%
Spirits Epona
48%
Stickers Fairy
48%
Spirits Malon
48%
Ennemies Octorok
48%
Spirits Revali
48%
Spirits Demise
46%
Spirits Fi
46%
Stages Gerudo Valley
46%
Items Heart Container
46%
Spirits King of Red Lions
46%
Spirits Phantom
46%
Spirits Urbosa
46%
Spirits Guardian
43%
Spirits Linebeck
43%
Ennemies ReDead
43%
Trophies Wolf Link
43%
Stickers Boomerang
41%
Spirits Calamity Ganon
41%
Spirits Groose
41%
Ennemies Like Like
41%
Trophies Master Sword
41%
Spirits Zant
41%
Items Fairy Bottle
37%
Spirits Twinrova
37%
Masterpieces Zelda II: The Adventure of Link
37%
Spirits Hilda
35%
Spirits Medli
35%
Spirits Vaati
35%
Spirits Aryll
33%
Items Beetle
33%
Items Bombchu
33%
Spirits Din
33%
Spirits Great Fairy
33%
Spirits Loftwing
33%
Spirits Marin
33%
Spirits Nayru
33%
Spirits The Imprisoned
33%
Spirits Yuga
33%
Spirits Beedle
30%
Spirits Ezlo
30%
Spirits Happy Mask Salesman
30%
Stickers Hero's Bow
30%
Trophies Light Arrow (Sheik)
30%
Trophies Light Arrow (Zelda)
30%
Spirits Ravio
30%
Spirits Wind Fish
30%
Spirits Deku Link
28%
Items Deku Nut
28%
Stickers Makar
28%
Ennemies Stalfos
28%
Spirits Valoo
28%
Spirits Beast Ganon
26%
Ennemies Darknut
26%
Stickers Hookshot
26%
Spirits Kaepora Gaebora
26%
Trophies Triforce Slash (Link)
26%
Trophies Triforce Slash (Toon Link)
26%
Spirits Young Zelda
26%
Spirits Agitha
24%
Spirits King of Hyrule
24%
Stickers Phantom Ganon
24%
Spirits Agahnim
22%
Items Bunny Hood
22%
Spirits Byrne
22%
Spirits Fierce Deity Link
22%
Items Gust Bellows
22%
Trophies Ilia
22%
Spirits Kafei
22%
Trophies Alfonzo
20%
Items Cucco
20%
Trophies Helmaroc King
20%
Stickers King Zora
20%
Spirits Koume & Kotake
20%
Stickers Gleeok
17%
Trophies King Bulblin
17%
Trophies Link's Grandma
17%
Ennemies Peahat
17%
Spirits Postman
17%
Stickers Zora Link
17%
Stickers Colin
15%
Trophies Four Giants
15%
Spirits Master Kohga
15%
Stickers Ooccoo
15%
Spirits Ricky
15%
Spirits Tektite
15%
Trophies Bulblin
13%
Stickers King Dodongo
13%
Spirits Moosh
13%
Spirits Owl
13%
Trophies Salvatore
13%
Trophies Skulltula
13%
Spirits Wolf Link & Midna
13%
Ennemies Bubble
11%
Trophies Ciela
11%
Trophies Engineer Link
11%
Stickers Hylian Shield
11%
Trophies Lon Lon Milk
11%
Stickers Piece of Heart
11%
Trophies Pigs
11%
Trophies Shadow Beast
11%
Trophies Yeta
11%
Trophies Darbus
9%
Stickers Deku Baba
9%
Trophies Demon Train
9%
Spirits Dimitri
9%
Spirits Fishman
9%
Stickers Lantern
9%
Trophies Old Woman
9%
Trophies Ooccoo & Son
9%
Trophies Ralis
9%
Spirits Skull Kid & Majora's Mask
9%
Spirits Totem Link
9%
Trophies Turtle
9%
Trophies Anjean
7%
Trophies Armored Train
7%
Trophies Ashei
7%
Stickers Epona & Link
7%
Spirits King Bulblin & Lord Bullbo
7%
Trophies Outset Link
7%
Stickers Rusl
7%
Trophies Sages
7%
Stickers Spinner
7%
Spirits Alfonzo & Engineer Link
4%
Trophies Dark Train
4%
Spirits Diminutive Guardian
4%
Trophies Gaepora
4%
Stickers Green Rupee
4%
Trophies Levias
4%
Spirits Madame Couture
4%
Trophies Robed Zelda (With Hood)
4%
Trophies Stagnox
4%
Trophies Zelda's Spirit (Spirit Tracks)
4%
Trophies Demon King Malladus
2%
Stickers Horse Call
2%
Stickers Kafei & Keaton Mask
2%
Stickers Legend of Outset
2%
Stickers Link & Pigs
2%
Stickers Link with Goron Mask
2%
Trophies Owlan
2%
Stickers Pinkle
2%
Spirits Wall-Merged Link
2%
Trophies Adult Link (Ocarina of Time)
0%
Stickers Barkle
0%
Stickers King of Red Lions & Link
0%
No matching quizzes found
Score Distribution
Percent of People with Each Score
Percentile by Number Answered
Your Score History
You have not taken this quiz